00325 a2200109 4500001001000000005001700010008004100027245005600068100002500124700002100149773004500170ART_3304020260410161926.0260409a 10aEl desafío agroalimentario de China hacia el 20301 aThailinger, Agustina1 aRossi, Guillermo0 tLecturasg- Nº 18 (ene. 2015)wREV19328